00738cam a22002413a 45000010005000000030006000050050017000110080041000280400015000690420007000840500007000911000034000982450065001322600029001975060030002265160020002566530022002766530054002986530021003526530054003738300028004278560041004552432PGUSA20140828083014.0001201s2000||||xxu|||||s|||||000 1 eng d aPGUSAbeng adc 4aPR1 aTrollope, Anthony,d1815-188210aBarchester Towersh[electronic resource] /cAnthony Trollope bProject Gutenberg,c2000 aPublic domain in the USA. aElectronic text aClergy -- Fiction aBarsetshire (England: Imaginary place) -- Fiction aDomestic fiction aBarchester (England : Imaginary place) -- Fiction 0aProject Gutenbergv243240uhttp://www.gutenberg.org/ebooks/2432